[Event "Budapest Vezerkepzo IM 1st"]
[Site "Budapest"]
[Date "2021.01.27"]
[Round "3"]
[White "Palczert, Botond"]
[Black "Konyves, Almos"]
[Result "1-0"]
[WhiteElo "2082"]
[BlackElo "2131"]
[PlyCount "79"]
[EventDate "2021.01.25"]
[EventType "tourn"]
[EventRounds "9"]
[EventCountry "HUN"]
[SourceTitle "CBM 200 Extra"]
[Source "ChessBase"]
[SourceDate "2021.03.31"]
[SourceVersion "1"]
[SourceVersionDate "2021.03.31"]
[SourceQuality "1"]

1. d4 Nf6 2. c4 e6 3. Nc3 Bb4 4. e3 b6 5. Bd2 Bb7 6. Nf3 0-0 7. Bd3 d5 8. cxd5 exd5 9. Rc1 c5 10. dxc5 d4 11. exd4 Re8+ 12. Be3 Bxc3+ 13. bxc3 Ng4 14. 0-0 Nxe3 15. fxe3 Nc6 16. d5 Ne5 17. Nxe5 Rxe5 18. c6 Rxd5 19. cxb7 Rb8 20. Rxf7 Rxd3 21. Qb3 Kh8 22. Rcf1 Rxe3 23. Qb4 Re8 24. Qg4 Rg8 25. Rd7 Qe8 26. Rc7 Qe3+ 27. Kh1 Qd3 28. Qf5 Qa6 29. Qf7 Qd3 30. h3 Qd6 31. Qf4 Qxf4 32. Rxf4 h6 33. Ra4 a5 34. Re4 Kh7 35. Re6 Rgf8 36. Rxb6 Rbd8 37. Ra6 Rd2 38. Rc8 Rf1+ 39. Kh2 Rff2 40. b8Q 1-0

[Event "EU-ch U16"]
[Site "Bratislava"]
[Date "2019.08.10"]
[Round "9"]
[White "Palczert, Botond"]
[Black "Silich, Yahor"]
[Result "0-1"]
[WhiteElo "2029"]
[BlackElo "2100"]
[PlyCount "93"]
[EventDate "2019.08.02"]
[EventType "swiss"]
[EventRounds "9"]
[EventCountry "SVK"]
[SourceTitle "CBM 191 Extra"]
[Source "ChessBase"]
[SourceDate "2019.09.30"]
[SourceVersion "1"]
[SourceVersionDate "2019.09.30"]
[SourceQuality "1"]

1. e4 c5 2. Nf3 Nc6 3. d4 cxd4 4. Nxd4 g6 5. c4 Bg7 6. Be3 Nf6 7. Nc3 0-0 8. Be2 d6 9. 0-0 Bd7 10. Qd2 Nxd4 11. Bxd4 Bc6 12. f3 Nd7 13. Be3 a5 14. b3 Nc5 15. Rab1 Be5 16. Bh6 Bg7 17. Bxg7 Kxg7 18. Kh1 Qb6 19. Rfc1 f6 20. Qb2 e5 21. a3 Ne6 22. b4 axb4 23. axb4 Nd4 24. Bf1 Rfc8 25. Ne2 Ne6 26. Nc3 h5 27. b5 Be8 28. Nd5 Qc5 29. Ra1 h4 30. g3 hxg3 31. Bh3 Bd7 32. Bxe6 Bxe6 33. Rxa8 Rxa8 34. Kg2 gxh2 35. Kxh2 Rh8+ 36. Kg2 Qc8 37. Rh1 Rxh1 38. Kxh1 Bxd5 39. exd5 Qh3+ 40. Kg1 Qg3+ 41. Qg2 Qxg2+ 42. Kxg2 f5 43. b6 Kf6 44. Kg3 g5 45. Kf2 e4 46. fxe4 fxe4 47. Ke3 0-1

[Event "HUN-chT2 Erkel 1819"]
[Site "Hungary"]
[Date "2019.03.31"]
[Round "8.11"]
[White "Palczert, Botond"]
[Black "Molnar, Laszlo6666"]
[Result "1-0"]
[WhiteElo "1944"]
[BlackElo "1564"]
[PlyCount "57"]
[EventDate "2018.10.28"]
[EventType "team-tourn"]
[EventRounds "9"]
[EventCountry "HUN"]
[SourceTitle "EXT 2021"]
[Source "ChessBase"]
[SourceDate "2020.10.23"]
[SourceVersion "1"]
[SourceVersionDate "2020.10.23"]
[SourceQuality "1"]
[WhiteTeam "Budapest EAC"]
[BlackTeam "Szada GSBE"]
[WhiteTeamCountry "HUN"]
[BlackTeamCountry "HUN"]

1. e4 Nf6 2. e5 Nd5 3. d4 d6 4. c4 Nb6 5. exd6 cxd6 6. b3 g6 7. Bb2 Bg7 8. Be2 0-0 9. Nf3 Nc6 10. 0-0 Re8 11. Na3 a6 12. Rb1 e5 13. d5 Ne7 14. Nc2 Bf5 15. Nh4 Bc8 16. Nf3 Bf5 17. Ba3 Rc8 18. Rc1 Bh6 19. Ne3 Na8 20. Qe1 b6 21. Qb4 a5 22. Qxd6 Qxd6 23. Bxd6 f6 24. Bxe7 Rxe7 25. Nxf5 gxf5 26. Rcd1 Bg5 27. Rfe1 Rg7 28. Nxg5 fxg5 29. g4 1-0

[Event "Jastrzebie Zdroj op"]
[Site "Jastrzebie Zdroj"]
[Date "2018.08.25"]
[Round "9"]
[White "Marcinowski, Zbigniew"]
[Black "Palczert, Botond"]
[Result "1/2-1/2"]
[WhiteElo "2058"]
[BlackElo "1898"]
[PlyCount "134"]
[EventDate "2018.08.18"]
[EventType "swiss"]
[EventRounds "9"]
[EventCountry "POL"]
[SourceTitle "CBM 186 Extra"]
[Source "ChessBase"]
[SourceDate "2018.08.24"]
[SourceVersion "1"]
[SourceVersionDate "2018.08.24"]
[SourceQuality "1"]

1. e4 c5 2. c3 d5 3. exd5 Qxd5 4. Nf3 g6 5. d4 Bg7 6. Be3 cxd4 7. cxd4 Nf6 8. Nc3 Qa5 9. Be2 0-0 10. 0-0 Nc6 11. Qb3 Qb4 12. d5 Qxb3 13. axb3 Nb4 14. Bc4 Nc2 15. Rxa7 Nxe3 16. Rxa8 Nxf1 17. Kxf1 Bg4 18. Rxf8+ Kxf8 19. Ne5 Bf5 20. Nd3 Bxd3+ 21. Bxd3 Ne8 22. Ke2 Nd6 23. Ke3 Ke8 24. f4 Bf6 25. h3 Kd7 26. g4 Kc7 27. b4 Kd7 28. Na4 Kc7 29. b5 b6 30. Kf3 Nb7 31. b4 Nd6 32. Kg3 h6 33. h4 Ne8 34. g5 hxg5 35. fxg5 Be5+ 36. Kg4 Ng7 37. Be4 Bd4 38. Bf3 Nh5 39. Bg2 Kd6 40. Bf3 Kc7 41. Be2 Kd6 42. Bc4 Ng7 43. Bb3 Nh5 44. Kf3 Ke5 45. d6 exd6 46. Bxf7 Nf4 47. Ba2 Nd5 48. Bb1 Ne7 49. Kg4 Ke6 50. Ba2+ d5 51. h5 gxh5+ 52. Kxh5 Kf7 53. Kh6 Kg8 54. Bb3 Nf5+ 55. Kh5 Ne7 56. Kg4 Kg7 57. Bc2 Kf7 58. Kf4 Ng6+ 59. Bxg6+ Kxg6 60. Kg4 Be3 61. Nc3 Bxg5 62. Nxd5 Bd2 63. Kf3 Kf5 64. Ke2 Ke5 65. Ne7 Bxb4 66. Nc6+ Kd5 67. Nxb4+ Ke5 1/2-1/2

[Event "Budapest-chT1 Lilienthal 1718"]
[Site "Budapest"]
[Date "2018.03.18"]
[Round "12"]
[White "Palczert, Botond"]
[Black "Csaszar, Gyula"]
[Result "1/2-1/2"]
[WhiteElo "1784"]
[BlackElo "1966"]
[PlyCount "86"]
[EventDate "2017.10.01"]
[EventType "team-tourn"]
[EventRounds "13"]
[EventCountry "HUN"]
[SourceTitle "EXT 2021"]
[Source "ChessBase"]
[SourceDate "2020.10.23"]
[SourceVersion "1"]
[SourceVersionDate "2020.10.23"]
[SourceQuality "1"]
[WhiteTeam "Barcza GSC"]
[BlackTeam "Budapest EAC II"]
[WhiteTeamCountry "HUN"]
[BlackTeamCountry "HUN"]

1. e4 c5 2. Nf3 d6 3. d4 cxd4 4. Nxd4 g6 5. Nc3 Bg7 6. Be3 Nf6 7. f3 Nc6 8. Bc4 0-0 9. Bb3 Bd7 10. Qd2 Qa5 11. 0-0-0 Rfc8 12. Kb1 Ne5 13. Nd5 Qxd2 14. Rxd2 Kf8 15. c3 b5 16. Nxf6 Bxf6 17. Bh6+ Ke8 18. h4 a5 19. Bg5 Bg7 20. h5 a4 21. Bd5 Rab8 22. a3 e6 23. Ba2 h6 24. Be3 g5 25. g4 Rc7 26. Rhd1 Bf8 27. Bf2 Nc4 28. Bxc4 bxc4 29. Ka2 Rcb7 30. Bg3 e5 31. Ne2 Be6 32. Rc2 Rb5 33. Bh2 f6 34. Ng3 d5 35. exd5 Bxd5 36. Ne4 Be7 37. Rcd2 Kf8 38. Bg1 Be6 39. Ng3 Kf7 40. Ba7 R8b7 41. Be3 Rb8 42. Ba7 R8b7 43. Be3 Rb8 1/2-1/2

[Event "Budapest Gyorgy Memorial 1st"]
[Site "Budapest"]
[Date "2016.11.12"]
[Round "4.1"]
[White "Egyed, Judit"]
[Black "Palczert, Botond"]
[Result "1-0"]
[WhiteElo "2006"]
[BlackElo "1693"]
[PlyCount "107"]
[EventDate "2016.11.10"]
[EventType "swiss"]
[EventRounds "7"]
[EventCountry "HUN"]
[SourceTitle "EXT 2018"]
[Source "ChessBase"]
[SourceDate "2017.10.13"]
[SourceVersion "1"]
[SourceVersionDate "2017.10.13"]
[SourceQuality "1"]

1. e4 c5 2. Nf3 Nc6 3. d4 cxd4 4. Nxd4 g6 5. Nc3 Bg7 6. Be3 Nf6 7. Bc4 0-0 8. Bb3 Ng4 9. Qxg4 Nxd4 10. Qd1 Nxb3 11. axb3 b6 12. Qd5 Qc7 13. 0-0 Bb7 14. Qd3 d6 15. Bd4 Bxd4 16. Qxd4 a6 17. Kh1 b5 18. f4 Qc5 19. Qd2 Rac8 20. Rf2 d5 21. Nxd5 Bxd5 22. exd5 Rfd8 23. b4 Qxd5 24. Qxd5 Rxd5 25. h3 Rc6 26. c3 Rcd6 27. Kh2 Rd1 28. Rxd1 Rxd1 29. Re2 e6 30. Kg3 Kg7 31. Kf3 Kf6 32. Ke4 h6 33. Rc2 Re1+ 34. Kf3 Rf1+ 35. Ke3 Re1+ 36. Re2 Rxe2+ 37. Kxe2 Kf5 38. Ke3 g5 39. g4+ Kf6 40. b3 gxf4+ 41. Kxf4 e5+ 42. Ke4 Ke6 43. c4 f6 44. h4 Kd6 45. c5+ Kc6 46. g5 fxg5 47. hxg5 hxg5 48. Kxe5 a5 49. bxa5 b4 50. a6 g4 51. Kf4 Kxc5 52. a7 Kd4 53. a8Q Kc3 54. Qd5 1-0

[Event "Budapest Gyorgy Memorial 1st"]
[Site "Budapest"]
[Date "2016.11.11"]
[Round "3.3"]
[White "Adamczyk, Zuzanna"]
[Black "Palczert, Botond"]
[Result "1/2-1/2"]
[WhiteElo "1719"]
[BlackElo "1693"]
[PlyCount "74"]
[EventDate "2016.11.10"]
[EventType "swiss"]
[EventRounds "7"]
[EventCountry "HUN"]
[SourceTitle "EXT 2018"]
[Source "ChessBase"]
[SourceDate "2017.10.13"]
[SourceVersion "1"]
[SourceVersionDate "2017.10.13"]
[SourceQuality "1"]

1. e4 c5 2. Nf3 Nc6 3. d4 cxd4 4. Nxd4 g6 5. c4 Bg7 6. Nc2 Nf6 7. Nc3 0-0 8. Be2 d6 9. 0-0 a5 10. Rb1 Bd7 11. Be3 Ne5 12. h3 Bc6 13. f4 Ned7 14. Bf3 Nb6 15. Qe2 Nfd7 16. Nd4 Na4 17. Nxc6 Nxc3 18. Nxe7+ Qxe7 19. bxc3 Bxc3 20. Rxb7 Rab8 21. Rfb1 Bb4 22. Rxb8 Rxb8 23. Bd4 Qe8 24. Qc2 Nc5 25. Kh1 Ne6 26. Be3 Bc5 27. Bxc5 dxc5 28. Rxb8 Qxb8 29. f5 Nd4 30. Qf2 Nxf3 31. gxf3 Qf4 32. fxg6 hxg6 33. Qe2 Qg3 34. Qg2 Qf4 35. Qe2 Qg3 36. Qg2 Qf4 37. Qe2 Qg3 1/2-1/2